La Credibilidad de la ficción: los acuerdos de cooperación de la CE con los países del Grupo Andino y de América Central /
Na minha lista:
| Autor principal: | |
|---|---|
| Formato: | Texto |
| Idioma: | Spanish |
| Tags: |
Adicionar Tag
Sem tags, seja o primeiro a adicionar uma tag!
|
MARC
| LEADER | 00000 a a2200000 04500 | ||
|---|---|---|---|
| 001 | 14351 | ||
| 003 | cru IIS | ||
| 005 | 20220906134442.0 | ||
| 008 | 220906b |||||||| |||| 00| 0 spa d | ||
| 040 | |c cru IIS | ||
| 100 | 1 | |a Galinsoga I, Jordà Albert | |
| 245 | |a La Credibilidad de la ficción: |b los acuerdos de cooperación de la CE con los países del Grupo Andino y de América Central / |c Jordà Albert Galinsoga I | ||
| 500 | |a Colección Centroamérica | ||
| 773 | |g número 23 -24; páginas 61-88 | ||
| 773 | 0 | |0 43305 |9 5278 |a Centre d'Informació i Documentació Internacionals a Barcelona |d Barcelona, España: Centre d'Informació i Documentació Internacionals a Barcelona, 1982- |o 21187 |t Revista CIDOB D' Afers Internationals / |x 02121786 | |
| 942 | |2 ddc |c PP | ||
| 999 | |c 35278 |d 35278 | ||
